| 000 | 01558nam a2200373 c 4500 | ||
|---|---|---|---|
| 003 | BLK | ||
| 005 | 20180420224657.0 | ||
| 008 | 180408b bul|||||r ||||||| ||bul|| | ||
| 010 | _aKNG00086996000 | ||
| 020 |
_a978-954-92002-4-9 _bиздат.: Нар. библ. П. Р. Славейков |
||
| 040 | _aBLK | ||
| 041 |
_aBUL _cBUL |
||
| 080 |
_aСпециална библиография _b016 _x:75.046(497.2) _z016:75.046(497.2) |
||
| 080 |
_aРелигиозна живопис _b75.046 _x(497.2)(01) _z75.046(497.2)(01) |
||
| 700 | 1 |
_aДенева, Цветанка _eсъстав. _9300536 |
|
| 700 | 1 |
_aЙовчева, Недка _eсъавт. _9300537 |
|
| 139 |
_aДенева, Цветанка и др. _bД 42 |
||
| 245 | 1 | 0 |
_aОбрази на светци в изобразителното изкуство _bБиблиогр. _cсъстав. Цветанка Денева; съавт. Недка Йовчева. |
| 257 | _aBGR | ||
| 260 |
_аВ. Търново _bНар. библ. П. Р. Славейков _c2008 _fМареа дизайн |
||
| 300 |
_a35 с., 2 л. _bцв. ил. _c22 см |
||
| 380 | _a0 | ||
| 490 | 1 |
_aПоредица Духовност и съвремие _v1 |
|
| 650 | 4 |
_aИкони, български _9247074 |
|
| 653 | _aикони | ||
| 653 | _aсветци | ||
| 653 | _aизобразително изкуство | ||
| 653 | _aбиблиография | ||
| 852 | _aЦб 242195 | ||
| 856 | 4 |
_qpdf _u |
|
| 856 | 4 |
_qpdf _u |
|
| 942 |
_cKNG _n0 |
||
| 944 |
_aCR _c22.12.2008 _lф / _kВаля_Йорданова |
||
| 944 |
_aED _c02.03.2010 _lф / _k |
||
| 999 |
_c82465 _d82465 |
||